000 01111cam a2200229 4500
001 L160241
008 190517n2019 000 0 eng u
020 _a9780203732885
035 _a(Sirsi) u160241
041 _aeng
050 _a346.41043
_c18
100 _aBray, Judith
245 _aUnlocking land law
_h[electronic resource]
250 _a6th ed
260 _aAbingdon
_bRoutldge
_c2019
520 _aCovers all aspects of land law including common law and equity; registered land; the transfer and creation of property interests; equitable rights in land; proprietary estoppel; co-ownership; trusts of land; easements; restrictive covenants; mortgages; leases; adverse possession; and commonhold. Includes tables of cases, statutes and statutory instruments. Combines explanations of the law with short summaries of cases and some practical exercises.
520 _a4th ed 2004 ISBN 0340815647 (5th ed not available)
651 4 _aENGLAND AND WALES
690 _aLAND
856 4 0 _uhttps://www.vlebooks.com/
_zView on VLEbooks. Logins for members only from [email protected]
942 _n0
999 _c116293
_d116293